Diez meses lunares / (Record no. 126031)

MARC details
000 -LEADER
campo de control de longitud fija 00607nam a2200181 4500
001 - NÚMERO DE CONTROL
campo de control 126031
003 - IDENTIFICADOR DE NÚMERO DE CONTROL
campo de control ES-MaACL
005 - FECHA Y HORA DE LA ÚLTIMA TRANSACCIÓN
campo de control 20230906192736.0
007 - CAMPO FIJO DE DESCRIPCIÓN FÍSICA--INFORMACIÓN GENERAL
campo de control de longitud fija t|
008 - DATOS DE LONGITUD FIJA--INFORMACIÓN GENERAL
campo de control de longitud fija 070214s1958 sp r ||||1| spa d
100 1# - ENTRADA PRINCIPAL--NOMBRE DE PERSONA
Nombre de persona Reid, Jane Cabot.
9 (RLIN) 95975
245 10 - MENCIÓN DEL TÍTULO
Título Diez meses lunares /
Mención de responsabilidad, etc. por Jane Cabot Reid ; prólogo, Prof. Santiago Dexeus Font ; traducción, Dr. Emilio Castañer Vendrell.
260 ## - PUBLICACIÓN, DISTRIBUCIÓN, ETC.
Lugar de publicación, distribución, etc. Barcelona :
Nombre del editor, distribuidor, etc. Modesto Usón,
Fecha de publicación, distribución, etc. 1958.
300 ## - DESCRIPCIÓN FÍSICA
Extensión 235 p. ;
Dimensiones 22 cm.
700 1# - ENTRADA AGREGADA--NOMBRE PERSONAL
Nombre de persona Dexeus Font, Santiago.
9 (RLIN) 44049
700 1# - ENTRADA AGREGADA--NOMBRE PERSONAL
Nombre de persona Castañer Vendrell, Emilio.
9 (RLIN) 36420
852 ## - LOCALIZACIÓN
Ubicación ES-MaACL
Número de control de estantería C-14944
Sublocalización o colección R.42760
Holdings
Estatus retirado Estado de pérdida Estado de daño No para préstamo Biblioteca de origen Biblioteca actual Ubicación en estantería Fecha de adquisición Fuente de adquisición Total de préstamos Signatura topográfica completa Código de barras Visto por última vez Precio de reemplazo Tipo de ítem Koha
        Biblioteca del Ateneo de Madrid Biblioteca del Ateneo de Madrid Ficheros 17/01/2008     C-14944 1131278 23/02/2023 23/02/2023 Libro impreso